00759cam a2200241 a 4500001000800000005001700008008004100025010001700066020001500083040001800098041000800116043001200124080001900136082002300155100000700178101000800185245007900193504005300272906004500325942001200370999001700382952011800399357660520180223082539.0990514s2000 njua b 001 0 eng  a 99034076  a013674334X aDLCcDLCdDLC aeng an-us--- a371.90973 dav00a371.90973 dav2211 a48 aedu10aTeaching students with severe disabilities /cDavid L. Westling, Lise Fox. aIncludes bibliographical references and indexes. a7bcbccorignewd1eocipf19gy-gencatlg 2ddccBK c43306d43306 00102udc40708PËKGa002b002cPËKGd2018-02-23l0o371.90973 davp002-2999652r2018-02-23w2018-02-23yBK